Rodzaje skał - Statystyki

Ogólne statystyki
  • Ten quiz został rozwiązany 111 razy
  • Średni wynik to 5 z 6
Statystyki odpowiedzi
Opis Odpowiedź % Poprawnych
powstające w efekcie szybkiego zastygania wypływającej na powierzchnie lawy - powstają skały o budowie skrystalizowanej - skrytokrystalicznej magmowe wylewne
96%
powstające w wyniku powolnego krzepnięcia i krystalizacji w głębi skorupy ziemskiej - powstają skały o budowie jawnokrystalicznej magmowe głębinowe
89%
powstające w wyniku organicznych przemian szczątków roślinnych i zwierzęcych osadowe organiczne
82%
powstające w wyniku przekrystalizowania się skał magmowych i osadowych w głębi skorupy ziemskiej. Głównymi czynnikami zmieniającymi skład mineralny, niekiedy skład chemiczny oraz budowę skał, są wysokie temperatury oraz ciśnienie, rzadziej - procesy chemiczne zachodzące w skałach metamorficzne (przeobrażone)
80%
powstające w wyniku wytrącania się związków z roztworów wodnych osadowe chemiczne
78%
powstające w wyniku wietrzenia skał wcześniej powstałych - są to skały klastyczne osadowe okruchowe
71%
Nie znaleziono quizów pasujących do podanych kryteriów
Rozkład punktacji
Procent ludzi z każdym wynikiem
Percentyl według liczby udzielonych odpowiedzi
Twoja historia wyników
Nie rozwiązałeś tego quizu